header

Human resource management : (Record no. 266240)

MARC details
000 -LEADER
fixed length control field 01017cam a2200325 a 4500
001 - CONTROL NUMBER
control field 14613655
003 - CONTROL NUMBER IDENTIFIER
control field OSt
005 - DATE AND TIME OF LATEST TRANSACTION
control field 20260422133850.0
008 - FIXED-LENGTH DATA ELEMENTS--GENERAL INFORMATION
fixed length control field 061027s2007 nyua b 001 0 eng
010 ## - LIBRARY OF CONGRESS CONTROL NUMBER
LC control number
020 ## - INTERNATIONAL STANDARD BOOK NUMBER
International Standard Book Number 9781408271209
International Standard Book Number 1408271206
035 ## - SYSTEM CONTROL NUMBER
System control number 14613655
040 ## - CATALOGING SOURCE
Original cataloging agency DLC
Transcribing agency DLC
Modifying agency DLC
050 00 - LIBRARY OF CONGRESS CALL NUMBER
Classification number HF5549
Item number .H78413 2010
082 00 - DEWEY DECIMAL CLASSIFICATION NUMBER
Classification number 658.3
Edition number 22
245 00 - TITLE STATEMENT
Title Human resource management :
Remainder of title a contemporary approach /
Statement of responsibility, etc edited by Julie Beardwell, Tim Claydon.
250 ## - EDITION STATEMENT
Edition statement 6th ed.
260 ## - PUBLICATION, DISTRIBUTION, ETC. (IMPRINT)
Place of publication, distribution, etc Harlow, England ;
-- New York :
Name of publisher, distributor, etc Prentice Hall/Financial Times,
Date of publication, distribution, etc 2010.
300 ## - PHYSICAL DESCRIPTION
Extent 709p. :
Other physical details col. ill. ;
Dimensions 27 cm.
336 ## - CONTENT TYPE
Content type term text
Content type code txt
Source rdacontent
337 ## - MEDIA TYPE
Media type term unmediated
Media type code n
Source rdamedia
338 ## - CARRIER TYPE
Carrier type term volume
Carrier type code nc
Source rdacarrier
504 ## - BIBLIOGRAPHY, ETC. NOTE
Bibliography, etc Includes bibliographical references and index.
650 #0 - SUBJECT ADDED ENTRY--TOPICAL TERM
Topical term or geographic name as entry element Personnel management
Form subdivision Textbooks.
700 1# - ADDED ENTRY--PERSONAL NAME
Personal name Beardwell, Julie.
Personal name Claydon, Tim,
Dates associated with a name 1949-
906 ## - LOCAL DATA ELEMENT F, LDF (RLIN)
a 7
b cbc
c orignew
d 1
e ocip
f 20
g y-gencatlg
942 ## - ADDED ENTRY ELEMENTS (KOHA)
Source of classification or shelving scheme Library of Congress Classification
Koha item type Long Loan Books
Holdings
Withdrawn status Lost status Source of classification or shelving scheme Damaged status Not for loan Collection code Home library Current library Shelving location Date acquired Total Checkouts Full call number Barcode Date last seen Price effective from Koha item type
    Library of Congress Classification     Non-fiction Rongo University Library Rongo University Library General Stacks 22/04/2026   HF5549 .H78413 2010 20090741 22/04/2026 22/04/2026 Long Loan Books

© 2026 Rongo University
Contact us: librarian | system librarian | Rongo university